000 00313nam a2200133Ia 4500
100 _aKruse/ Robert L. & others
942 _cBK
654 _aData structures
245 _aData structures & program design in C.
260 _bprentice hall
_aNew Delhi
_c1994
300 _a586
546 _aENGLISH
999 _c31996
_d31996